000 008490am a2200241 004500
003 EG-GiCUC
008 080909s1992 jo g 000 0 ara d
040 _aEG-GiCUC
_bara
_cEG-GiCUC
092 0 4 _a378
_bA6529
_221
099 _a04
_a378 A6529
100 1 _aابس : جيرولد
_d1934
245 1 2 _aالتعليم العالى فى مجتمع متعلم /
_cجيرولد ابس ؛ ترجمة شحدة فارع
250 _aط1
260 _aعمان : [الاردن] :
_bدار البشير :
_c1992
300 _a200ص :
_bايض ؛
_c24سم
650 7 _aالتعليم العالى
_2qrmak
650 7 _aالتعليم و الدولة
_2qrmak
902 _a1
905 _aاميرة
_eمدخل
905 _aجيهان
_eمراجع
942 _2ddc
_cBK
999 _c102225
_d102225